U.S. States by Borders - Sudden Death (Hard) - Statistics

General Stats
  • This quiz has been taken 717 times
  • The average score is 3 of 8
Answers on the Grid
Answers color-coded by a green-red scale on the quiz's grid according to % correct below.
Wyoming
Nebraska
Iowa
Illinois
Alaska
Colorado
Kansas
Missouri
Kentucky
Virginia
New Mexico
Oklahoma
Arkansas
Tennessee
North Carolina
Washington
Montana
Mississippi
Alabama
Georgia
Idaho
Utah
Hawaii
Rhode Island
Connecticut
Oregon
Nevada
Florida
New York
Massachusetts
California
Arizona
Maine
New Hampshire
Vermont
 
Answer Stats
Answer % Correct
Nebraska
43%
Vermont
42%
California
40%
Colorado
39%
Idaho
27%
Massachusetts
26%
Tennessee
26%
Missouri
24%
No matching quizzes found
Score Distribution
Percent of People with Each Score
Percentile by Number Answered
Your Score History
You have not taken this quiz